000 00664nam a2200229 i 4500
001 9340
003 ES-MaACL
005 20240512063029.0
007 t|
008 930809s1992 sp ||||1| spa d
020 _a84-604-4853-3
080 _a86-14"19"
080 _a86(Mañas,J.7 M.01)
100 0 _aMañas Rincón, Jacinto,
_d1933-
_976260
245 1 0 _aMemorial al Cristo de Limpias y otros poemas /
_cJacinto Mañas.
260 _aMadrid :
_bEuterpe,
_cD.L. 1992.
300 _a18 p. :
_bil. ;
_c21 cm.
490 1 _aEuterpe ;
_v4
830 0 _aEuterpe ;
_v4
_9178437
852 _aES-MaACL
_j2146-F-18
_bR.121216
999 _c9340
_d9340